[Event "DVM U10 2016"]
[Site "Magdeburg GER"]
[Date "2016.12.28"]
[Round "4"]
[White "Schäfer, Anton"]
[Black "Hentschker, Josefin"]
[Result "0-1"]
[Termination "normal"]
[Board "18.2"]
[WhiteElo "901"]
[BlackElo "957"]
[WhiteTeam "Schachakademie Paderborn 2"]
[BlackTeam "VSG 1880 Offenbach"]
[PlyCount "78"]
[BlackFideId "16255810"]
[EventCountry "GER"]
[EventRounds "7"]
[EventType "team-swiss"]
[EventDate "2016.12.27"]

1. d4 d5 2. Nf3 Nc6 3. Bf4 Bf5 4. c3 Nf6 5. e3 a6 6. Bd3 Bxd3 7. Qxd3 e6 8. Ne5
Nxe5 9. dxe5 Nd7 10. h4 Bc5 11. h5 Qe7 12. h6 gxh6 13. Bxh6 Nxe5 14. Qc2 Nd7
15. Bg7 Rg8 16. Rxh7 O-O-O 17. Nd2 Qg5 18. Nf3 Qxg2 19. b4 Bxe3 20. Qe2 Bxf2+
21. Kd1 f6 22. Rh2 Qxg7 23. Rxf2 e5 24. b5 e4 25. bxa6 exf3 26. axb7+ Kxb7 27.
Qb5+ Nb6 28. Kc2 d4 29. a4 dxc3 30. a5 Qg6+ 31. Kb3 Rd5 32. Qb4 Kc6 33. axb6
Rb5 34. Qxb5+ Kxb5 35. bxc7 Qf7+ 36. Kc2 Qxc7 37. Rb1+ Kc4 38. Rc1 Rg2 39. Rxg2
fxg2 0-1

[Event "DVM U10 2016"]
[Site "Magdeburg GER"]
[Date "2016.12.28"]
[Round "4"]
[White "Scheel, Benjamin"]
[Black "Stammen, York Magnus"]
[Result "0-1"]
[Termination "normal"]
[Board "18.3"]
[WhiteElo "600"]
[BlackElo "864"]
[WhiteTeam "VSG 1880 Offenbach"]
[BlackTeam "Schachakademie Paderborn 2"]
[PlyCount "72"]
[BlackFideId "16295471"]
[EventCountry "GER"]
[EventRounds "7"]
[EventType "team-swiss"]
[EventDate "2016.12.27"]

1. e4 e6 2. Nf3 d5 3. exd5 exd5 4. d4 Nf6 5. Nc3 Bf5 6. Bf4 Bb4 7. Qd2 Ne4 8.
Qe3 O-O 9. Bg5 Nxg5 10. Nxg5 h6 11. Nf3 Re8 12. Ne5 Nc6 13. Qg3 Nxe5 14. dxe5
Bxc2 15. Bb5 Rf8 16. O-O Bxc3 17. bxc3 a6 18. Bd3 Bxd3 19. Qxd3 Re8 20. Rae1
Qd7 21. Re2 Qb5 22. Qd2 f6 23. e6 Re7 24. Rd1 Rd8 25. Qd3 Qxd3 26. Rxd3 c6 27.
c4 Rd6 28. g3 Kh7 29. f4 f5 30. Re5 Rexe6 31. Rxf5 dxc4 32. Rxd6 Rxd6 33. Rc5
Rd1+ 34. Kg2 Rd2+ 35. Kh3 Rxa2 36. Rxc4 Rb2 0-1

[Event "DVM U10 2016"]
[Site "Magdeburg GER"]
[Date "2016.12.28"]
[Round "4"]
[White "Bade, Deniz"]
[Black "Bergmann, Lennart"]
[Result "1/2-1/2"]
[Termination "normal"]
[Board "18.4"]
[WhiteElo "600"]
[BlackElo "890"]
[WhiteTeam "Schachakademie Paderborn 2"]
[BlackTeam "VSG 1880 Offenbach"]
[PlyCount "47"]
[WhiteFideId "34605959"]
[BlackFideId "16270657"]
[EventCountry "GER"]
[EventRounds "7"]
[EventType "team-swiss"]
[EventDate "2016.12.27"]

1. d4 d5 2. Bf4 Nc6 3. Nf3 e6 4. e3 Bb4+ 5. c3 Bd6 6. Bxd6 Qxd6 7. Qd3 Nf6 8.
Nbd2 O-O 9. g3 e5 10. dxe5 Nxe5 11. Nxe5 Qxe5 12. Bg2 Bf5 13. Qb5 b6 14. O-O g6
15. Qb3 b5 16. a4 bxa4 17. Qxa4 Bd7 18. Qc2 Bf5 19. Qa4 Be4 20. Nxe4 dxe4 21.
Rad1 a5 22. Rfe1 Rfd8 23. Rc1 Rab8 24. Re2 1/2-1/2

[Event "DVM U10 2016"]
[Site "Magdeburg GER"]
[Date "2016.12.28"]
[Round "4"]
[White "Schulz, Rafael"]
[Black "Mimkes, Antal"]
[Result "0-1"]
[Termination "normal"]
[Board "19.1"]
[WhiteElo "1084"]
[BlackElo "1168"]
[WhiteTeam "USV TU Dresden"]
[BlackTeam "KSV Rochade Göttingen"]
[PlyCount "37"]
[BlackFideId "16265963"]
[EventCountry "GER"]
[EventRounds "7"]
[EventType "team-swiss"]
[EventDate "2016.12.27"]

1. e4 e5 2. Nf3 Nc6 3. Bc4 Nf6 4. Nc3 Nxe4 5. Nxe4 d5 6. Bxd5 Qxd5 7. Nc3 Qd8
8. O-O Bd6 9. d3 O-O 10. Re1 Bg4 11. Be3 Nd4 12. Bxd4 exd4 13. Nb5 Bc5 14. h3
Bh5 15. Re5 Bxf3 16. Qxf3 Bb6 17. Qxb7 a6 18. Na3 h6 19. Qf3 {nicht
nachvollziehbar} 0-1

[Event "DVM U10 2016"]
[Site "Magdeburg GER"]
[Date "2016.12.28"]
[Round "4"]
[White "Lesser, Luan"]
[Black "Kempe, Caius Emilian"]
[Result "1/2-1/2"]
[Termination "normal"]
[Board "19.2"]
[WhiteElo "869"]
[BlackElo "1095"]
[WhiteTeam "KSV Rochade Göttingen"]
[BlackTeam "USV TU Dresden"]
[PlyCount "78"]
[WhiteFideId "34640150"]
[BlackFideId "16246861"]
[EventCountry "GER"]
[EventRounds "7"]
[EventType "team-swiss"]
[EventDate "2016.12.27"]

1. e4 c5 2. f4 d6 3. Bb5+ Bd7 4. Bxd7+ Nxd7 5. Nf3 g6 6. d4 Bg7 7. dxc5 Nxc5 8.
e5 dxe5 9. Qxd8+ Rxd8 10. fxe5 e6 11. Bg5 Ne7 12. Bf6 Bxf6 13. exf6 Nf5 14.
Nbd2 O-O 15. O-O Nd7 16. Ne4 Nb6 17. Rad1 Nd5 18. c4 Nb6 19. Rxd8 Rxd8 20. Re1
Nxc4 21. Rb1 Nce3 22. g4 Nh6 23. Nd6 b6 24. h3 Kf8 25. b3 Nd5 26. g5 Nf5 27.
Nxf5 exf5 28. Ne5 Ke8 29. Re1 Kf8 30. Rd1 Ke8 31. Nc6 Rd7 32. Ne5 Rd8 33. Re1
Kf8 34. Nc6 Rd7 35. Rc1 Ke8 36. Re1+ Kf8 37. Nb8 Rd8 38. Nc6 Rd7 39. Nb8 Rd8
1/2-1/2

[Event "DVM U10 2016"]
[Site "Magdeburg GER"]
[Date "2016.12.28"]
[Round "4"]
[White "Eichner, Tim"]
[Black "Liebetanz, Arthur"]
[Result "1-0"]
[Termination "normal"]
[Board "19.3"]
[WhiteElo "818"]
[BlackElo "600"]
[WhiteTeam "USV TU Dresden"]
[BlackTeam "KSV Rochade Göttingen"]
[PlyCount "51"]
[WhiteFideId "34617213"]
[EventCountry "GER"]
[EventRounds "7"]
[EventType "team-swiss"]
[EventDate "2016.12.27"]

1. e4 e5 2. Nf3 Nc6 3. Bc4 Nf6 4. d3 d5 5. exd5 Nxd5 6. O-O Bc5 7. Re1 O-O 8.
Nxe5 Bb4 9. Nxc6 Qd7 10. Nxb4 Nxb4 11. Nc3 Qf5 12. Be3 Be6 13. Bxe6 fxe6 14.
Ne4 Nd5 15. Qd2 Nxe3 16. Rxe3 a5 17. Rae1 h6 18. Ng3 Qf6 19. Rxe6 Qxb2 20. a4
Qa2 21. R6e4 Rf7 22. Qc3 c6 23. Nh5 Raf8 24. R1e2 Qb1+ 25. Re1 Rxf2 26. Rxb1
1-0

[Event "DVM U10 2016"]
[Site "Magdeburg GER"]
[Date "2016.12.28"]
[Round "4"]
[White "Claussen, Alexander"]
[Black "Schulemann, Gero"]
[Result "0-1"]
[Termination "normal"]
[Board "20.1"]
[WhiteElo "809"]
[BlackElo "1605"]
[WhiteTeam "SF Essen-Werden"]
[BlackTeam "USV Halle"]
[PlyCount "52"]
[WhiteFideId "16248910"]
[BlackFideId "16227646"]
[EventCountry "GER"]
[EventRounds "7"]
[EventType "team-swiss"]
[EventDate "2016.12.27"]

1. d4 d5 2. g3 Nf6 3. Bg2 Bf5 4. c3 e6 5. Bg5 h6 6. Bxf6 Qxf6 7. Nd2 Bd6 8. e4
dxe4 9. Nxe4 Bxe4 10. Bxe4 c6 11. Bg2 O-O 12. Nf3 Nd7 13. O-O Qe7 14. Qb3 Nf6
15. Rfe1 a5 16. c4 a4 17. Qb6 Bb4 18. Rf1 Ra6 19. Qxa6 bxa6 20. Ne5 c5 21. Nc6
Qd6 22. Rfd1 cxd4 23. Rxd4 Qc5 24. a3 Ba5 25. b4 axb3 26. Nxa5 Qxd4 0-1

[Event "DVM U10 2016"]
[Site "Magdeburg GER"]
[Date "2016.12.28"]
[Round "4"]
[White "Natebus, Wenzel"]
[Black "Symanski, Linda"]
[Result "1-0"]
[Termination "normal"]
[Board "20.2"]
[WhiteElo "955"]
[BlackElo "600"]
[WhiteTeam "USV Halle"]
[BlackTeam "SF Essen-Werden"]
[PlyCount "69"]
[WhiteFideId "34600787"]
[BlackFideId "16284534"]
[EventCountry "GER"]
[EventRounds "7"]
[EventType "team-swiss"]
[EventDate "2016.12.27"]

1. e4 e5 2. Nf3 Nc6 3. Nc3 Nf6 4. Bb5 a6 5. Bxc6 dxc6 6. d3 Bg4 7. h3 Bh5 8.
Bg5 h6 9. Bh4 g5 10. Bg3 Bb4 11. a3 Ba5 12. Bxe5 O-O 13. b4 Bb6 14. d4 a5 15.
bxa5 Bxa5 16. O-O Bxc3 17. Rb1 Nxe4 18. Qd3 Bg6 19. Rb3 Nc5 20. Qxc3 Nxb3 21.
Qxb3 c5 22. c3 b6 23. d5 b5 24. Qxb5 Qxd5 25. c4 Qd3 26. Qxc5 Be4 27. Qd4 Qe2
28. Re1 Qc2 29. Rxe4 Rxa3 30. Qb2 Qd1+ 31. Re1 Qd3 32. Re3 Qd1+ 33. Kh2 g4 34.
Bh8 gxf3 35. Qg7# 1-0

[Event "DVM U10 2016"]
[Site "Magdeburg GER"]
[Date "2016.12.28"]
[Round "4"]
[White "Blume, Leo"]
[Black "Sultanaliev, Akbar"]
[Result "1-0"]
[Termination "normal"]
[Board "20.3"]
[WhiteElo "749"]
[BlackElo "777"]
[WhiteTeam "SF Essen-Werden"]
[BlackTeam "USV Halle"]
[PlyCount "47"]
[EventCountry "GER"]
[EventRounds "7"]
[EventType "team-swiss"]
[EventDate "2016.12.27"]

1. e4 e5 2. Nf3 Nc6 3. Bc4 d6 4. d3 Nf6 5. Ng5 d5 6. exd5 Nxd5 7. Nc3 Nxc3 8.
bxc3 Rg8 9. Bxf7+ Ke7 10. Bxg8 h6 11. Nf7 Qd5 12. Nxh6 Qd6 13. Nf5+ Bxf5 14.
Bg5+ Kd7 15. Qh5 Re8 16. Qf7+ Be7 17. Qxf5+ Kd8 18. O-O Rxg8 19. d4 exd4 20.
cxd4 Nxd4 21. Qa5 Qc5 22. Qxc5 Bxg5 23. Qxg5+ Kc8 24. Rad1 1-0

[Event "DVM U10 2016"]
[Site "Magdeburg GER"]
[Date "2016.12.28"]
[Round "4"]
[White "Dornheim, Carl Friedrich"]
[Black "Grey, Anna"]
[Result "1-0"]
[Termination "normal"]
[Board "21.1"]
[WhiteElo "1234"]
[BlackElo "929"]
[WhiteTeam "Schachzwerge Magdeburg 1"]
[BlackTeam "ESV Lok Falkenberg"]
[PlyCount "61"]
[WhiteFideId "16252314"]
[BlackFideId "16226917"]
[EventCountry "GER"]
[EventRounds "7"]
[EventType "team-swiss"]
[EventDate "2016.12.27"]

1. e4 c5 2. Nf3 Nc6 3. c3 e6 4. d4 cxd4 5. cxd4 d5 6. e5 Bb4+ 7. Bd2 Bxd2+ 8.
Qxd2 Nge7 9. Bd3 O-O 10. O-O f5 11. Nc3 a6 12. Rac1 b5 13. a3 Bb7 14. Rfd1 Rc8
15. Be2 Ng6 16. Ng5 Nce7 17. Nxe6 Qe8 18. Nxf8 Qxf8 19. Bh5 Qd8 20. Bxg6 Nxg6
21. Ne2 Ne7 22. Rxc8 Bxc8 23. Nf4 h6 24. Rc1 Bd7 25. Rc5 Bc6 26. Ng6 Bb7 27.
Nxe7+ Qxe7 28. Qe3 Qg5 29. Rc7 Qg4 30. g3 Kh7 31. Rxb7 1-0

[Event "DVM U10 2016"]
[Site "Magdeburg GER"]
[Date "2016.12.28"]
[Round "4"]
[White "Frenkel, Nico"]
[Black "Weber, Willi"]
[Result "0-1"]
[Termination "normal"]
[Board "21.2"]
[WhiteElo "1028"]
[BlackElo "924"]
[WhiteTeam "ESV Lok Falkenberg"]
[BlackTeam "Schachzwerge Magdeburg 1"]
[PlyCount "62"]
[WhiteFideId "16226950"]
[EventCountry "GER"]
[EventRounds "7"]
[EventType "team-swiss"]
[EventDate "2016.12.27"]

1. e4 c5 2. Nf3 d6 3. Nc3 Nc6 4. Bb5 Nf6 5. e5 dxe5 6. Nxe5 Bd7 7. Nxc6 bxc6 8.
Ba6 g6 9. d3 Bg7 10. Be3 Qa5 11. Bc4 O-O 12. O-O Ng4 13. Bd2 Qc7 14. g3 h5 15.
f3 Bd4+ 16. Kg2 Bxc3 17. bxc3 Nf6 18. Bh6 Rfe8 19. Re1 Rab8 20. Re2 Qc8 21. Qe1
Qb7 22. Rxe7 Bh3+ 23. Kg1 Rxe7 24. Qf2 Re2 25. Qxc5 Rg2+ 26. Kh1 Re2 27. d4
Rxh2+ 28. Kg1 Rg2+ 29. Kf1 Rxg3+ 30. Ke1 Rg1+ 31. Bf1 Rxf1+ 0-1

[Event "DVM U10 2016"]
[Site "Magdeburg GER"]
[Date "2016.12.28"]
[Round "4"]
[White "Currenti, Gianluca"]
[Black "Thoß, Lea-Michelle"]
[Result "0-1"]
[Termination "normal"]
[Board "21.3"]
[WhiteElo "948"]
[BlackElo "818"]
[WhiteTeam "Schachzwerge Magdeburg 1"]
[BlackTeam "ESV Lok Falkenberg"]
[PlyCount "66"]
[EventCountry "GER"]
[EventRounds "7"]
[EventType "team-swiss"]
[EventDate "2016.12.27"]

1. e4 Nc6 2. Nf3 Nf6 3. Nc3 e5 4. Bc4 Ng4 5. d3 Bb4 6. a3 Bc5 7. Be3 Bxe3 8.
fxe3 Nxe3 9. Qe2 Nxc4 10. dxc4 Nd4 11. Nxd4 exd4 12. Nb5 c5 13. Nd6+ Kf8 14.
Qf1 Qe7 15. Qf4 Qe6 16. Qf2 Qxd6 17. Qd2 Qe6 18. Kd1 Qxc4 19. Qg5 Qe6 20. Re1
Qf6 21. Qxc5+ d6 22. Qb5 Bg4+ 23. Kc1 Qf4+ 24. Kb1 Be6 25. Qxb7 Rc8 26. b3 Qd2
27. Rc1 f5 28. exf5 Bxf5 29. Ra2 d3 30. c4 Qe3 31. Qf3 d2+ 32. Rcc2 Qxf3 33.
gxf3 d1=Q+ 0-1

[Event "DVM U10 2016"]
[Site "Magdeburg GER"]
[Date "2016.12.28"]
[Round "4"]
[White "Do Minh, Philip"]
[Black "Hellwig, Konstantin Joshua"]
[Result "1-0"]
[Termination "normal"]
[Board "21.4"]
[WhiteElo "600"]
[BlackElo "908"]
[WhiteTeam "ESV Lok Falkenberg"]
[BlackTeam "Schachzwerge Magdeburg 1"]
[PlyCount "75"]
[EventCountry "GER"]
[EventRounds "7"]
[EventType "team-swiss"]
[EventDate "2016.12.27"]

1. e4 e5 2. Nf3 Nc6 3. Nc3 Nf6 4. Bc4 Nxe4 5. Nxe4 d5 6. Bxd5 Qxd5 7. Qe2 Bg4
8. Nc3 Qd7 9. h3 Bh5 10. Qe3 b6 11. Nxe5 Nxe5 12. Qxe5+ Qe7 13. Qxe7+ Bxe7 14.
Nb5 Bd6 15. Nxd6+ cxd6 16. b3 O-O 17. Ba3 Rad8 18. O-O h6 19. d4 Bg6 20. c4 Bh5
21. c5 dxc5 22. dxc5 bxc5 23. Bxc5 a5 24. Bxf8 Kxf8 25. g3 f6 26. Rab1 Rb8 27.
a3 Bg6 28. Rb2 Bd3 29. Rd1 Bf5 30. Rdd2 Rb7 31. b4 Be4 32. b5 Ke7 33. Rb3 g6
34. b6 Ke6 35. f3 Bc6 36. Rc2 Bd7 37. Rc7 Rxc7 38. bxc7 1-0

[Event "DVM U10 2016"]
[Site "Magdeburg GER"]
[Date "2016.12.28"]
[Round "4"]
[White "Przibylla, Thomas"]
[Black "Miranda Martin, Pablo Mateo"]
[Result "1-0"]
[Termination "normal"]
[Board "22.1"]
[WhiteElo "998"]
[BlackElo "1001"]
[WhiteTeam "Langenfelder Schachfreunde"]
[BlackTeam "SV 1947 Walldorf"]
[PlyCount "47"]
[EventCountry "GER"]
[EventRounds "7"]
[EventType "team-swiss"]
[EventDate "2016.12.27"]

1. e4 e5 2. Nf3 Nc6 3. d4 exd4 4. Nxd4 Bc5 5. Nf5 g6 6. Ng3 d6 7. Bb5 Nf6 8.
Bxc6+ bxc6 9. Bg5 h6 10. Bf4 Ba6 11. Nc3 Qd7 12. e5 Ng4 13. Nge4 Rd8 14. h3 f5
15. hxg4 fxe4 16. Nxe4 Bxf2+ 17. Nxf2 g5 18. Ne4 Ke7 19. Nxg5 hxg5 20. Bxg5+
Kf7 21. Qf3+ Kg8 22. Rxh8+ Kxh8 23. Bxd8 Qxd8 24. Qf6+ 1-0

[Event "DVM U10 2016"]
[Site "Magdeburg GER"]
[Date "2016.12.28"]
[Round "4"]
[White "Gan, Lukas Wentao"]
[Black "Brumm, Nico"]
[Result "1-0"]
[Termination "normal"]
[Board "22.2"]
[WhiteElo "960"]
[BlackElo "901"]
[WhiteTeam "SV 1947 Walldorf"]
[BlackTeam "Langenfelder Schachfreunde"]
[PlyCount "85"]
[BlackFideId "16257693"]
[EventCountry "GER"]
[EventRounds "7"]
[EventType "team-swiss"]
[EventDate "2016.12.27"]

1. e4 e5 2. Nf3 Nc6 3. Bb5 d6 4. d3 a6 5. Ba4 Bg4 6. h3 Bxf3 7. Qxf3 b5 8. Bb3
Nd4 9. Qd1 c6 10. c3 Nxb3 11. axb3 d5 12. Nd2 Nf6 13. Nf3 dxe4 14. Nxe5 exd3
15. Nxc6 Qd6 16. Nd4 Qe5+ 17. Be3 Bc5 18. Qxd3 O-O 19. O-O Bd6 20. Nf3 Qe6 21.
Ng5 Qe5 22. Nf3 Qe7 23. Rad1 Rad8 24. Qe2 Ne4 25. Rfe1 Nxc3 26. bxc3 Rfe8 27.
Rd2 Bc7 28. Rxd8 Bxd8 29. Qd2 Ba5 30. Bd4 Qd7 31. Rxe8+ Qxe8 32. Qg5 g6 33. Qf6
Kf8 34. Bc5+ Kg8 35. Bd4 Kf8 36. Qxa6 Bc7 37. Bc5+ Kg8 38. Qf6 Qd7 39. Bd4 Kf8
40. Bc5+ Kg8 41. Bd4 Kf8 42. Ne5 Bxe5 43. Bxe5 1-0

[Event "DVM U10 2016"]
[Site "Magdeburg GER"]
[Date "2016.12.28"]
[Round "4"]
[White "Lentz, Johannes Carl"]
[Black "Lautenbach, Ferdinand"]
[Result "0-1"]
[Termination "normal"]
[Board "22.3"]
[WhiteElo "600"]
[BlackElo "852"]
[WhiteTeam "Langenfelder Schachfreunde"]
[BlackTeam "SV 1947 Walldorf"]
[PlyCount "58"]
[EventCountry "GER"]
[EventRounds "7"]
[EventType "team-swiss"]
[EventDate "2016.12.27"]

1. e4 e5 2. Nf3 Nc6 3. Bc4 Nf6 4. Ng5 d5 5. exd5 Nxd5 6. Nxf7 Kxf7 7. Nc3 Be6
8. O-O Qf6 9. Nxd5 Bxd5 10. Bxd5+ Ke8 11. d3 Rd8 12. Bc4 Bd6 13. Be3 Nd4 14.
Bxd4 exd4 15. Qh5+ g6 16. Qe2+ Be5 17. Qe4 Qf4 18. g3 Qxe4 19. dxe4 c6 20. Rad1
b5 21. Be2 h5 22. Rd3 h4 23. Rc3 dxc3 24. bxc3 hxg3 25. fxg3 Bxc3 26. Rf4 Rd2
27. Bd3 Rhxh2 28. Rg4 Rhg2+ 29. Kf1 Rdf2# 0-1

[Event "DVM U10 2016"]
[Site "Magdeburg GER"]
[Date "2016.12.28"]
[Round "4"]
[White "Storz, Leonard"]
[Black "Koenen, Hugo"]
[Result "1-0"]
[Termination "normal"]
[Board "22.4"]
[WhiteElo "767"]
[BlackElo "600"]
[WhiteTeam "SV 1947 Walldorf"]
[BlackTeam "Langenfelder Schachfreunde"]
[PlyCount "23"]
[WhiteFideId "16247400"]
[EventCountry "GER"]
[EventRounds "7"]
[EventType "team-swiss"]
[EventDate "2016.12.27"]

1. e4 e5 2. Nf3 d6 3. Bc4 Be6 4. Bxe6 fxe6 5. Ng5 Qxg5 6. O-O Nc6 7. d3 Qf6 8.
Nc3 O-O-O 9. Bd2 g6 10. Qc1 d5 11. exd5 exd5 12. Bg5 {nicht nachvollziehbar}
1-0

[Event "DVM U10 2016"]
[Site "Magdeburg GER"]
[Date "2016.12.28"]
[Round "4"]
[White "Tran Minh, Hieu"]
[Black "Guo, Philipp Ziming"]
[Result "1-0"]
[Termination "normal"]
[Board "23.1"]
[WhiteElo "1170"]
[BlackElo "906"]
[WhiteTeam "SF Hettstedt"]
[BlackTeam "TuRa Harksheide Norderstedt"]
[PlyCount "34"]
[WhiteFideId "16244877"]
[BlackFideId "16245199"]
[EventCountry "GER"]
[EventRounds "7"]
[EventType "team-swiss"]
[EventDate "2016.12.27"]

1. e4 e5 2. Bc4 Nc6 3. Nf3 Bc5 4. d3 Nf6 5. c3 d6 6. h3 O-O 7. O-O h6 8. a4 Be6
9. b4 d5 10. exd5 Bxd5 11. Bxd5 Qxd5 12. bxc5 Qxc5 13. Ba3 Qd5 14. Bxf8 Rxf8
15. Re1 Rd8 16. Ra2 e4 17. c4 Qf5 1-0

[Event "DVM U10 2016"]
[Site "Magdeburg GER"]
[Date "2016.12.28"]
[Round "4"]
[White "Rößl, Sara"]
[Black "Seidel, Hans"]
[Result "1-0"]
[Termination "normal"]
[Board "23.2"]
[WhiteElo "728"]
[BlackElo "871"]
[WhiteTeam "TuRa Harksheide Norderstedt"]
[BlackTeam "SF Hettstedt"]
[PlyCount "57"]
[WhiteFideId "16255828"]
[EventCountry "GER"]
[EventRounds "7"]
[EventType "team-swiss"]
[EventDate "2016.12.27"]

1. e4 Nf6 2. Nc3 e5 3. Nf3 Nc6 4. Bb5 a6 5. Ba4 b5 6. Bb3 Bc5 7. Nxe5 Nxe5 8.
d4 Ng6 9. dxc5 O-O 10. O-O Re8 11. Re1 Bb7 12. Bd5 Bxd5 13. Nxd5 Nxd5 14. Qxd5
c6 15. Qf5 Ne7 16. Qg4 Nd5 17. Bh6 g6 18. exd5 Rxe1+ 19. Rxe1 cxd5 20. Bg5 Qa5
21. Rf1 Qc7 22. Bf4 Qxc5 23. Be3 f5 24. Qe2 Re8 25. Qd2 Qd6 26. Re1 Qc6 27. Bh6
Rxe1+ 28. Qxe1 Qxc2 29. Qe8# 1-0

[Event "DVM U10 2016"]
[Site "Magdeburg GER"]
[Date "2016.12.28"]
[Round "4"]
[White "Born, Constantin"]
[Black "Duong, Nhat-Minh"]
[Result "0-1"]
[Termination "normal"]
[Board "23.3"]
[WhiteElo "773"]
[BlackElo "847"]
[WhiteTeam "SF Hettstedt"]
[BlackTeam "TuRa Harksheide Norderstedt"]
[PlyCount "52"]
[WhiteFideId "16269438"]
[BlackFideId "16245261"]
[EventCountry "GER"]
[EventRounds "7"]
[EventType "team-swiss"]
[EventDate "2016.12.27"]

1. e4 e5 2. Nf3 Nc6 3. Nc3 Nf6 4. Bc4 Nxe4 5. Nxe4 d5 6. Nc3 dxc4 7. O-O Bc5 8.
d3 O-O 9. dxc4 Bg4 10. Bg5 Be7 11. Bxe7 Qxe7 12. Nb5 a6 13. Nc3 Rad8 14. Qe2
Nd4 15. Nxd4 Bxe2 16. Ndxe2 Rd2 17. Rfe1 Rxc2 18. Nd5 Qd6 19. Ne3 Rxb2 20. Nf5
Qe6 21. Ne3 Rd8 22. h3 b5 23. Red1 Rxd1+ 24. Rxd1 h6 25. cxb5 Rxe2 26. Rd8+ Kh7
0-1

[Event "DVM U10 2016"]
[Site "Magdeburg GER"]
[Date "2016.12.28"]
[Round "4"]
[White "Foos, Vanessa"]
[Black "Palfi, Anton Emil"]
[Result "0-1"]
[Termination "normal"]
[Board "23.4"]
[WhiteElo "786"]
[BlackElo "859"]
[WhiteTeam "TuRa Harksheide Norderstedt"]
[BlackTeam "SF Hettstedt"]
[PlyCount "70"]
[WhiteFideId "16245270"]
[EventCountry "GER"]
[EventRounds "7"]
[EventType "team-swiss"]
[EventDate "2016.12.27"]

1. d4 d6 2. Nc3 e5 3. Nf3 exd4 4. Nxd4 Nd7 5. Bf4 Ngf6 6. e4 Be7 7. Bc4 d5 8.
exd5 Ng4 9. Qxg4 Bc5 10. Nf5 Nf6 11. Qg5 h6 12. Qxg7 Rg8 13. Qxh6 Ng4 14. Qh4
Bxf2+ 15. Qxf2 Nxf2 16. Kxf2 Bxf5 17. Rae1+ Kf8 18. Bh6+ Rg7 19. g4 Qh4+ 20.
Kf1 Qh3+ 21. Kg1 Qxg4+ 22. Kf1 Qh3+ 23. Kf2 Qg2+ 24. Ke3 Qh3+ 25. Kd2 Qxh6+ 26.
Re3 Rg2+ 27. Be2 Re8 28. Nd1 c6 29. dxc6 Rd8+ 30. Kc1 Rxd1+ 31. Rxd1 Qxe3+ 32.
Kb1 Qxe2 33. Rd8+ Ke7 34. Rd1 Qxc2+ 35. Ka1 Qxb2# 0-1

[Event "DVM U10 2016"]
[Site "Magdeburg GER"]
[Date "2016.12.28"]
[Round "4"]
[White "Ihle, Jonte"]
[Black "Jonas, Tim"]
[Result "1/2-1/2"]
[Termination "normal"]
[Board "24.1"]
[WhiteElo "1133"]
[BlackElo "1062"]
[WhiteTeam "SG Niederkassel"]
[BlackTeam "SF Schwerin"]
[PlyCount "63"]
[EventCountry "GER"]
[EventRounds "7"]
[EventType "team-swiss"]
[EventDate "2016.12.27"]

1. e4 e5 2. Nf3 Nc6 3. Bc4 Bc5 4. Nc3 Nf6 5. d3 O-O 6. Bg5 Be7 7. Qd2 h6 8. Bh4
a6 9. a3 b5 10. Bb3 Nd4 11. Nxd4 exd4 12. Ne2 c5 13. c3 Ng4 14. Bxe7 Qxe7 15.
Bd5 Ra7 16. cxd4 cxd4 17. Nxd4 Qf6 18. Nf3 d6 19. h3 Ne5 20. Nxe5 dxe5 21. Qe3
Rc7 22. Rc1 Rxc1+ 23. Qxc1 Be6 24. Bxe6 Qxe6 25. O-O Rc8 26. Qd2 Qb3 27. Rc1
Rxc1+ 28. Qxc1 Qxd3 29. Qc8+ Kh7 30. Qxa6 Qb1+ 31. Kh2 Qxb2 32. f3 1/2-1/2

[Event "DVM U10 2016"]
[Site "Magdeburg GER"]
[Date "2016.12.28"]
[Round "4"]
[White "Quade, Luca"]
[Black "Hartmann, Simon"]
[Result "1/2-1/2"]
[Termination "normal"]
[Board "24.2"]
[WhiteElo "911"]
[BlackElo "792"]
[WhiteTeam "SF Schwerin"]
[BlackTeam "SG Niederkassel"]
[PlyCount "69"]
[EventCountry "GER"]
[EventRounds "7"]
[EventType "team-swiss"]
[EventDate "2016.12.27"]

1. e4 e5 2. Nf3 Nf6 3. Nc3 Bc5 4. Nxe5 d6 5. Nd3 Bg4 6. f3 Be6 7. b4 Bd4 8. Bb2
O-O 9. Nb5 Bxb2 10. Nxb2 Nc6 11. c3 Qd7 12. d4 d5 13. c4 dxe4 14. fxe4 Nxe4 15.
d5 Bg4 16. Be2 Ne5 17. h3 Bf5 18. Bg4 Bxg4 19. Qxg4 Nxg4 20. hxg4 Qxg4 21. Nxc7
Qg3+ 22. Ke2 Qxc7 23. Rh4 Qe7 24. Rh2 Rad8 25. Kd3 Qxb4 26. g4 Qd6 27. Rah1 Ng5
28. Rh5 h6 29. Nd1 Rde8 30. Ne3 Kh7 31. Nf5 Qg6 32. Kd4 Re4+ 33. Kd3 Rfe8 34.
Nh4 f5 35. Nxg6 1/2-1/2

[Event "DVM U10 2016"]
[Site "Magdeburg GER"]
[Date "2016.12.28"]
[Round "4"]
[White "Eschweiler, Mattes"]
[Black "Wiechhusen, Laurin-Elias"]
[Result "1-0"]
[Termination "normal"]
[Board "24.3"]
[WhiteElo "889"]
[BlackElo "600"]
[WhiteTeam "SG Niederkassel"]
[BlackTeam "SF Schwerin"]
[PlyCount "85"]
[BlackFideId "34643788"]
[EventCountry "GER"]
[EventRounds "7"]
[EventType "team-swiss"]
[EventDate "2016.12.27"]

1. d4 d5 2. Bf4 Nc6 3. Nf3 Nf6 4. e3 Bf5 5. c4 e6 6. cxd5 exd5 7. Nc3 Be7 8.
Nb5 O-O 9. Bd3 Bxd3 10. Qxd3 a6 11. Nc3 b5 12. a4 b4 13. Ne2 a5 14. O-O Bd6 15.
Bxd6 Qxd6 16. Ng5 Rae8 17. Nf4 g6 18. Rac1 Ne4 19. Nxe4 dxe4 20. Qc2 Ne7 21.
Qxe4 Nd5 22. Qxd5 Qf6 23. Nd3 Rc8 24. Nc5 c6 25. Nd7 Qe7 26. Nxf8 cxd5 27. Rxc8
Kg7 28. h3 Qd6 29. Rfc1 f5 30. R1c7+ Kh6 31. Rxh7+ Kg5 32. f4+ Kf6 33. Rd7 Qb6
34. Nh7+ Ke6 35. Nf8+ Kf6 36. Re8 Qc6 37. Re6+ Qxe6 38. Nxe6 Kxe6 39. Rg7 Kf6
40. Rg8 Kf7 41. Ra8 Kf6 42. Rxa5 Ke6 43. Rb5 1-0

[Event "DVM U10 2016"]
[Site "Magdeburg GER"]
[Date "2016.12.28"]
[Round "4"]
[White "Ellert, Stefan"]
[Black "Vecera, Fabio"]
[Result "1-0"]
[Termination "normal"]
[Board "25.1"]
[WhiteElo "1246"]
[BlackElo "966"]
[WhiteTeam "SV Schachfreunde Friedrichshagen"]
[BlackTeam "BSG Grün-Weiß Leipzig 2"]
[PlyCount "67"]
[WhiteFideId "16235029"]
[BlackFideId "16281705"]
[EventCountry "GER"]
[EventRounds "7"]
[EventType "team-swiss"]
[EventDate "2016.12.27"]

1. e4 e5 2. Nf3 Nc6 3. Bc4 Nge7 4. c3 d5 5. exd5 Nxd5 6. d4 e4 7. Ng5 Bf5 8.
Qb3 Na5 9. Qa4+ Nc6 10. Qb5 Be6 11. Qxb7 Nxd4 12. cxd4 h6 13. Nxe6 fxe6 14.
Qc6+ Kf7 15. Nc3 Bb4 16. Bd2 Rf8 17. Nxd5 Bxd2+ 18. Kxd2 Kg8 19. Qxe6+ Kh8 20.
Rhf1 Rb8 21. Rab1 Rb6 22. Nxb6 Qxd4+ 23. Ke2 axb6 24. Qd5 Qf6 25. f3 exf3+ 26.
Rxf3 Re8+ 27. Kf2 Qh4+ 28. Kg1 Re1+ 29. Rf1 Rxf1+ 30. Rxf1 Kh7 31. Bd3+ g6 32.
Qf7+ Kh8 33. Qf8+ Kh7 34. Rf7# 1-0